|
|
|
|
| LEADER |
00000cam a2200000 c 4500 |
| 001 |
506306399 |
| 003 |
DE-627 |
| 005 |
20251223211139.0 |
| 007 |
tu |
| 008 |
060125s2006 sz ||||| 00| ||ger c |
| 015 |
|
|
|a 06,N06,0808
|2 dnb
|
| 016 |
7 |
|
|a 977980618
|2 DE-101
|
| 020 |
|
|
|a 9783039107674
|c : kart. : EUR 75.20 (DE, freier Pr.), EUR 75.20 (AT, freier Pr.), sfr 109.00 (freier Pr.)
|9 978-3-03910-767-4
|
| 020 |
|
|
|a 3039107674
|c kart. : EUR 75.20 (DE, freier Pr.), EUR 75.20 (AT, freier Pr.), sfr 109.00 (freier Pr.)
|9 3-03910-767-4
|
| 024 |
3 |
|
|a 9783039107674
|
| 035 |
|
|
|a (DE-627)506306399
|
| 035 |
|
|
|a (DE-576)250976498
|
| 035 |
|
|
|a (DE-599)GBV506306399
|
| 035 |
|
|
|a (OCoLC)181531983
|
| 035 |
|
|
|a (OCoLC)181531983
|
| 035 |
|
|
|a (AT-OBV)AC04961112
|
| 035 |
|
|
|a (JUB)b10594139
|
| 040 |
|
|
|a DE-627
|b ger
|c DE-627
|e rakwb
|
| 041 |
|
|
|a ger
|a eng
|
| 044 |
|
|
|c XA-CH
|c XA-DE
|c XA-BE
|
| 050 |
|
0 |
|a BS538.7
|
| 082 |
0 |
|
|a 220.09
|
| 082 |
0 |
4 |
|a 220
|a 000
|
| 084 |
|
|
|a 1
|2 ssgn
|
| 084 |
|
|
|a BE 2200
|2 rvk
|0 (DE-625)rvk/10491:
|
| 084 |
|
|
|a EC 2440
|2 rvk
|0 (DE-625)rvk/20488:
|
| 084 |
|
|
|a BC 6220
|2 rvk
|0 (DE-625)rvk/9520:
|
| 084 |
|
|
|a BC 7800
|2 rvk
|0 (DE-625)rvk/9693:
|
| 084 |
|
|
|a 11.49
|2 bkl
|
| 084 |
|
|
|a 18.10
|2 bkl
|
| 084 |
|
|
|a 17.90
|2 bkl
|
| 084 |
|
|
|a 17.94
|2 bkl
|
| 084 |
|
|
|a 17.91
|2 bkl
|
| 245 |
0 |
0 |
|a Gotteswort und Menschenrede
|b die Bibel im Dialog mit Wissenschaften, Künsten und Medien ; Vorträge der interdisziplinären Ringvorlesung des Tübinger Graduiertenkollegs "Die Bibel - ihre Entstehung und ihre Wirkung" 2003 - 2004
|c hrsg. von Ralf Georg Czapla und Ulrike Rembold
|
| 264 |
|
1 |
|a Bern
|a Berlin
|a Frankfurt am Main
|a Wien [u.a.]
|b Lang
|c 2006
|
| 300 |
|
|
|a 417 S.
|b Ill., graph. Darst.
|c 23 cm
|
| 336 |
|
|
|a Text
|b txt
|2 rdacontent
|
| 337 |
|
|
|a ohne Hilfsmittel zu benutzen
|b n
|2 rdamedia
|
| 338 |
|
|
|a Band
|b nc
|2 rdacarrier
|
| 490 |
1 |
|
|a Jahrbuch für internationale Germanistik
|a Reihe A, Kongreßberichte
|v Bd. 73
|
| 546 |
|
|
|a Beitr. überw. dt., teilw. engl.
|
| 583 |
1 |
|
|a Archivierung/Langzeitarchivierung gewährleistet
|f SSG
|x XA-DE-BW
|2 pdager
|5 DE-21
|
| 601 |
|
|
|a Wissenschaft
|
| 601 |
|
|
|a Vortrag
|
| 601 |
|
|
|a Ringvorlesung
|
| 601 |
|
|
|a Wirkung
|
| 630 |
0 |
7 |
|0 (DE-588)4006406-2
|0 (DE-627)106377604
|0 (DE-576)208865497
|a Bibel
|2 gnd
|
| 650 |
0 |
7 |
|0 (DE-588)4035964-5
|0 (DE-627)106245015
|0 (DE-576)209015608
|a Literatur
|2 gnd
|
| 652 |
|
|
|a HA
|
| 653 |
|
0 |
|a Bible
|a Influence
|
| 655 |
|
7 |
|a Aufsatzsammlung
|0 (DE-588)4143413-4
|0 (DE-627)105605727
|0 (DE-576)209726091
|2 gnd-content
|
| 689 |
0 |
0 |
|d u
|0 (DE-588)4006406-2
|0 (DE-627)106377604
|0 (DE-576)208865497
|a Bibel
|2 gnd
|
| 689 |
0 |
1 |
|d s
|0 (DE-588)4049716-1
|0 (DE-627)104675152
|0 (DE-576)209083182
|2 gnd
|a Rezeption
|
| 689 |
0 |
2 |
|d s
|0 (DE-588)4019838-8
|0 (DE-627)106320157
|0 (DE-576)208930906
|2 gnd
|a Geisteswissenschaften
|
| 689 |
0 |
|
|5 DE-101
|
| 700 |
1 |
|
|e Hrsg.
|0 (DE-588)134305108
|0 (DE-627)566673878
|0 (DE-576)169962342
|4 edt
|a Czapla, Ralf Georg
|d 1964-
|
| 700 |
1 |
|
|e Hrsg.
|0 (DE-588)1075505186
|0 (DE-627)833363824
|0 (DE-576)443526737
|4 edt
|a Rembold, Ulrike
|
| 710 |
2 |
|
|0 (DE-588)10133403-5
|0 (DE-627)510252419
|0 (DE-576)251114821
|4 oth
|a Eberhard Karls Universität Tübingen
|b Graduiertenkolleg Die Bibel - Ihre Entstehung und Ihre Wirkung
|
| 787 |
0 |
8 |
|i Rezensiert in
|a Müller, Wolfgang Erich, 1947 -
|t Gotteswort und Menschenrede. Die Bibel im Dialog mit Wissenschaften, Künsten und Medien. Vorträge der interdisziplinären Ringvorlesung des Tübinger Graduiertenkollegs »Die Bibel – ihre Entstehung und ihre Wirkung« 2003–2004
|d 2007
|w (DE-627)1797939602
|
| 830 |
|
0 |
|a Jahrbuch für internationale Germanistik
|n Reihe A
|p Kongressberichte
|v 73
|9 73
|w (DE-627)130168483
|w (DE-576)015711757
|w (DE-600)519971-2
|x 0721-3905
|7 am
|
| 856 |
4 |
2 |
|u https://swbplus.bsz-bw.de/bsz250976498vlg.htm
|m V:DE-576
|v 2008-07-07
|3 Inhaltstext
|7 1
|
| 856 |
4 |
2 |
|u https://swbplus.bsz-bw.de/bsz250976498inh.htm
|m V:DE-576
|v 2006-11-21
|3 Inhaltsverzeichnis
|7 1
|
| 889 |
|
|
|w (DE-627)740935305
|
| 935 |
|
|
|a mteo
|a BIIN
|
| 935 |
|
|
|i Blocktest
|
| 936 |
r |
v |
|a BE 2200
|b Allgemeines
|k Theologie und Religionswissenschaften
|k Religionswissenschaft
|k Systematische Religionswissenschaft
|k Religion und verschiedene Lebensbereiche
|k Allgemeines
|0 (DE-627)1270718673
|0 (DE-625)rvk/10491:
|0 (DE-576)200718673
|
| 936 |
r |
v |
|a EC 2440
|b Beziehungen der Literatur zu Kunst und Musik
|k Allgemeine und vergleichende Sprach- und Literaturwissenschaft. Indogermanistik. Außereuropäische Sprachen und Literaturen
|k Allgemeine und vergleichende Literaturwissenschaft.
|k Beziehungen der Literatur zu anderen Gebieten
|k Beziehungen der Literatur zu Kunst und Musik
|0 (DE-627)127074920X
|0 (DE-625)rvk/20488:
|0 (DE-576)20074920X
|
| 936 |
r |
v |
|a BC 6220
|b Bibel in der Kunst, Kulturgeschichte und Dichtung
|k Theologie und Religionswissenschaften
|k Bibelwissenschaft
|k Biblische Einleitung
|k Biblische Hermeneutik
|k Bibel in der Kunst, Kulturgeschichte und Dichtung
|0 (DE-627)1270637258
|0 (DE-625)rvk/9520:
|0 (DE-576)200637258
|
| 936 |
r |
v |
|a BC 7800
|b Aufsatzsammlungen, Gesamtdarstellungen
|k Theologie und Religionswissenschaften
|k Bibelwissenschaft
|k Biblische Theologie
|k Sammelwerke
|k Aufsatzsammlungen (Aufsätze mehrerer Autoren)
|k Aufsatzsammlungen, Gesamtdarstellungen
|0 (DE-627)1270713302
|0 (DE-625)rvk/9693:
|0 (DE-576)200713302
|
| 936 |
b |
k |
|a 11.49
|j Bibel: Sonstiges
|0 (DE-627)10641531X
|
| 936 |
b |
k |
|a 18.10
|j Deutsche Literatur
|0 (DE-627)106405047
|
| 936 |
b |
k |
|a 17.90
|j Literatur in Beziehung zu anderen Bereichen von Wissenschaft und Kultur
|0 (DE-627)106404385
|
| 936 |
b |
k |
|a 17.94
|j Literarische Einflüsse und Beziehungen
|j Rezeption
|0 (DE-627)106404563
|
| 936 |
b |
k |
|a 17.91
|j Literatursoziologie
|0 (DE-627)181571706
|
| 951 |
|
|
|a BO
|
| ACO |
|
|
|a 1
|
| BIB |
|
|
|a 1
|
| CAN |
|
|
|a 1
|
| ELC |
|
|
|b 1
|
| ITA |
|
|
|a 1
|t 1
|
| LOK |
|
|
|0 000 xxxxxcx a22 zn 4500
|
| LOK |
|
|
|0 001 3247929568
|
| LOK |
|
|
|0 003 DE-627
|
| LOK |
|
|
|0 004 506306399
|
| LOK |
|
|
|0 005 20060914082952
|
| LOK |
|
|
|0 008 060619||||||||||||||||ger|||||||
|
| LOK |
|
|
|0 040
|a DE-21
|c DE-627
|d DE-21
|
| LOK |
|
|
|0 852
|a DE-21
|
| LOK |
|
|
|0 852 1
|c 46 A 6106
|9 00
|
| LOK |
|
|
|0 935
|a theo
|
| LOK |
|
|
|0 936ln
|a t3
|
| LOK |
|
|
|0 938
|l 14/09/06
|8 6
|
| LOK |
|
|
|0 939
|a 19-06-06
|b l01
|
| LOK |
|
|
|0 000 xxxxxcx a22 zn 4500
|
| LOK |
|
|
|0 001 3247930450
|
| LOK |
|
|
|0 003 DE-627
|
| LOK |
|
|
|0 004 506306399
|
| LOK |
|
|
|0 005 20190312000352
|
| LOK |
|
|
|0 008 190311||||||||||||||||ger|||||||
|
| LOK |
|
|
|0 035
|a (DE-Tue135-1)162485
|
| LOK |
|
|
|0 040
|a DE-Tue135-1
|c DE-627
|d DE-Tue135-1
|
| LOK |
|
|
|0 852
|a DE-Tue135-1
|
| LOK |
|
|
|0 852 1
|c UB600/BC 6220 C998
|m p
|9 00
|
| LOK |
|
|
|0 852 2
|b FBG - C998
|9 00
|
| LOK |
|
|
|0 935
|a iALT
|
| LOK |
|
|
|0 936ln
|0 144204408X
|a HA
|
| LOK |
|
|
|0 938
|k p
|
| LOK |
|
|
|0 939
|a 11-03-19
|b l12
|
| ORI |
|
|
|a SA-MARC-ixtheoa001.raw
|
| REL |
|
|
|a 1
|
| SPR |
|
|
|a 1
|t BIB
|t CAN
|t IXT
|t REL
|
| STA |
0 |
0 |
|a Bible,Literature,Literature,Belles-lettres,Reception,Reception,Impact,Afterlife,The Humanities
|
| STB |
0 |
0 |
|a Littérature,Littérature,Réception <scientifique>,Réception <scientifique>,Influence intellectuelle,Influence intellectuelle,Influence intellectuelle (motif),Influence intellectuelle,Sciences humaines
|
| STC |
0 |
0 |
|a Ciencias humanas,Literatura,Literatura,Recepción,Recepción
|
| STD |
0 |
0 |
|a Discipline umanistiche,Materie umanistiche,Materie umanistiche,Letteratura,Letteratura,Ricezione,Ricezione
|
| STE |
0 |
0 |
|a 人文科学,接受,接收,文学
|
| STF |
0 |
0 |
|a 人文科學,接受,接收,文學
|
| STG |
0 |
0 |
|a Ciências humanas,Literatura,Literatura,Recepção,Recepção
|
| STH |
0 |
0 |
|a Восприятие (мотив),Восприятие,Гуманитарные науки,Литература (мотив),Литература
|
| STI |
0 |
0 |
|a Ανθρωπιστικές επιστήμες,Αποδοχή (μοτίβο),Αποδοχή,Λογοτεχνία (μοτιβο),Λογοτεχνία
|
| SUB |
|
|
|a CAN
|a BIB
|a REL
|
| SYD |
0 |
0 |
|a Bible for Today's Family,Contemporary English version bible,CEV,New International Reader's,NIrV,NIV,N.I.V.,New International Version Bible,English Standard Version,ESV,ESV Bible,Holy Bible, English Standard Version,Schlachter-Bibel,Schlachterbibel,Bibel,Handschrift,Arras,Bibliothèque Municipale,Ms. 559,Saint-Vaast Bible,Vatopediu,Athos, Bibliothek,Cod. 1582,Bibbia di Ripoll,Ripoll Bibel,La bible nouvellement translatée avec annotations,Bibel,Althochdeutsch,Glosse,Basel,Universitätsbibliothek,Cod. N I 3 Nr. 97a,Bibelglossatur M,Basel,Universitätsbibliothek,Cod. N I 3 Nr. 97a,Bibel,Handschrift,Breslau,Universitätsbibliothek,Ms. M 1106,Bibel,Bibel,Bibel,Bibel,Bibel,Bibel,Bibel in gerechter Sprache,Bibel,Bibel,Bibel,Bibel,King James Version,Authorized Version,Authorised Version,KJV,KJB,King James Bible,King-James-Bibel,Zwingli-Bibel,Zwinglibibel,Zürcher Bibelübersetzung,Bibel,Neues Testament,Lutherbibel,Luther-Bibel,Biblia, das ist, die gantze heilige Schrifft Deudsch,Einheitsübersetzung,Einheitsübersetzung der Heiligen Schrift,Zürcher Bibel,Itala,Biblia,Heilige Schrift,Bible,Die Bibel,Die Heilige Schrift,La Sainte Bible,La Soncha Scrittüra,Biblia Sacra,La Bible,The Holy Bible,Sveto pismo Staroga i Novoga zaveta,Biblia święta,Biblí svatá,Biblija,La Sacra Bibbia,La Santa Biblia,Die Heiligen Schriften des Alten und Neuen Bundes,Die Heiligen Schriften,Die gantze Heilige Schrifft Deudsch,Die ganze Heilige Schrifft,Kitāb-i muqaddas,al- Kitab al-muqaddas,Seisho,Müqäddäs kitab,Beibel,Bībele
|
| SYE |
0 |
0 |
|a Belletristik,Dichtung,Literarisches Kunstwerk,Schöne Literatur,Sprachkunst,Sprachliches Kunstwerk,Wortkunst,Belletristik,Dichtung,Schöne Literatur,Sprachkunst,Wortkunst
|
| SYG |
0 |
0 |
|a Bible for Today's Family,Contemporary English version bible,CEV,New International Reader's,NIrV,NIV,N.I.V.,New International Version Bible,English Standard Version,ESV,ESV Bible,Holy Bible, English Standard Version,Schlachter-Bibel,Schlachterbibel,Bibel,Handschrift,Arras,Bibliothèque Municipale,Ms. 559,Saint-Vaast Bible,Vatopediu,Athos, Bibliothek,Cod. 1582,Bibbia di Ripoll,Ripoll Bibel,La bible nouvellement translatée avec annotations,Bibel,Althochdeutsch,Glosse,Basel,Universitätsbibliothek,Cod. N I 3 Nr. 97a,Bibelglossatur M,Basel,Universitätsbibliothek,Cod. N I 3 Nr. 97a,Bibel,Handschrift,Breslau,Universitätsbibliothek,Ms. M 1106,Bibel,Bibel,Bibel,Bibel,Bibel,Bibel,Bibel in gerechter Sprache,Bibel,Bibel,Bibel,Bibel,King James Version,Authorized Version,Authorised Version,KJV,KJB,King James Bible,King-James-Bibel,Zwingli-Bibel,Zwinglibibel,Zürcher Bibelübersetzung,Bibel,Neues Testament,Lutherbibel,Luther-Bibel,Biblia, das ist, die gantze heilige Schrifft Deudsch,Einheitsübersetzung,Einheitsübersetzung der Heiligen Schrift,Zürcher Bibel,Itala,Biblia,Heilige Schrift,Bible,Die Bibel,Die Heilige Schrift,La Sainte Bible,La Soncha Scrittüra,Biblia Sacra,La Bible,The Holy Bible,Sveto pismo Staroga i Novoga zaveta,Biblia święta,Biblí svatá,Biblija,La Sacra Bibbia,La Santa Biblia,Die Heiligen Schriften des Alten und Neuen Bundes,Die Heiligen Schriften,Die gantze Heilige Schrifft Deudsch,Die ganze Heilige Schrifft,Kitāb-i muqaddas,al- Kitab al-muqaddas,Seisho,Müqäddäs kitab,Beibel,Bībele , Fortwirken,Nachwirkung,Nachleben,Wirkungsgeschichte,Aneignung , Geisteswissenschaft
|